| 000 | 01374nam a2200205Ia 4500 | ||
|---|---|---|---|
| 003 | Ost | ||
| 005 | 20260507075548.0 | ||
| 008 | 260507s9999||||xx |||||||||||||| ||und|| | ||
| 040 | _cfsecg | ||
| 041 | _aara | ||
| 082 | _a330 | ||
| 100 |
_aالطائي، محمد _eمؤلف |
||
| 245 | 0 |
_aصيانة و إدامة نظم المعلومات الإدارية / _c محمد الطائي |
|
| 260 |
_aعمان: _bدار المسيرة للنشر و التوزيع, _c2007 |
||
| 300 |
_a251 صفحة؛ _bإيضاحات ؛ _c24 سم |
||
| 504 | _aبيبليوغرافيا: ص ص.251-252 | ||
| 520 | _aيضم مراحل دورة تطوير نظم المعلومات الإدارية، المقصود بصيانة نظم المعلومات الإدارية وأهميتها وأهدافها، مبررات صيانة نظم المعلومات والعوامل المرتبطة بها، أنواع صيانة نظم المعلومات الإدارية، تكاليف صيانة نظم المعلومات الإدارية، إدارة عمليات صيانة نظم المعلومات الإدارية، صيانة الأجهزة والمعدات المستخدمة في تطبيقات نظم المعلومات الإدارية، صيانة البرمجيات والنظم، صيانة الشبكات | ||
| 653 | _aالإدارة-نظم المعلومات | ||
| 942 | _cكتاب | ||
| 999 |
_c44901 _d44901 |
||